Word Ladder: Super Mario's Secret Quiz Stats

 Plays Quiz not verified by Sporcle

Score 0/10 Timer 01:30
1 Play Today
Clue 4-Letter Word % Correct
Ice cream holderCONE
98.2%
Cheap Trick signature song: I ____ You to ____ MeWANT
96%
Deal with something difficultCOPE
95.1%
Peter, Francis, or Benedict XVI, e.g.POPE
95.1%
Hard skin growth (or the villain of Super Mario Bros. 2)WART
94.6%
One of three located at the end of level 1-2 in Super Mario Bros.
Or: Device for smoking tobacco
⋆ PIPE ⋆
94.2%
Decrease in size, like the moonWANE
93.3%
With the next highlighted rung, location at the end of level 1-2 in Super Mario Bros.
Or: Star Trek's faster-than-light drive
⋆ WARP ⋆
84.4%
With the first highlighted run, location at the end of level 1-2 in Super Mario Bros.
Or: Last word of a famed sci-fi anthology series
⋆ ZONE ⋆
79.5%
'Titanic' villain Billy ____ZANE
78.1%

You're not logged in!

Compare scores with friends on all Sporcle quizzes.
OR
Log In

Show Comments

Extras

Top Quizzes Today


Score Distribution

Your Account Isn't Verified!

In order to create a playlist on Sporcle, you need to verify the email address you used during registration. Go to your Sporcle Settings to finish the process.

Report this User

Report this user for behavior that violates our Community Guidelines.

Details: